Statistiques concernant Pokémon - Les attaques de Kranidos

Cliquez ici pour prendre le quiz!

Statistiques générales

  • Ce quiz a été pris 5 fois
  • Le résultat moyen est 9 sur 12

Statistiques - réponses

NiveauxTypesNoms des attaques% Correct
Niveau 15NormalBélier
100%
Niveau 46RocheFracass'Tête
100%
DépartNormalGroz'Yeux
100%
Niveau 10TénèbresPoursuite
100%
Niveau 33RochePouvoir Antique
100%
Niveau 37PsyPsykoud'Boul
100%
Niveau 24TénèbresAssurance
67%
Niveau 28NormalAttrition
67%
DépartNormalCoup d'Boule
67%
Niveau 6NormalPuissance
67%
Niveau 19NormalGrimace
33%
Niveau 42NormalGrincement
33%

Distribution des résultats

Percentile par nombre de réponses

% des personnes avec chaque résultat

Votre développement - résultats

Vous n’avez pas pris ce quiz